|
|
|
|
| LEADER |
00000nam0a2200000 4500 |
| 001 |
153678 |
| 005 |
20240507094107.0 |
| 010 |
|
|
|a 5710000019
|
| 035 |
|
|
|a (RuTPU)RU\TPU\book\166718
|
| 090 |
|
|
|a 153678
|
| 100 |
|
|
|a 20090216e1990 m y0rusy50 ca
|
| 101 |
0 |
|
|a rus
|
| 102 |
|
|
|a RU
|
| 105 |
|
|
|a y z 000gy
|
| 200 |
1 |
|
|a Четки
|e стихи
|f А. А. Ахматова
|
| 205 |
|
|
|a Репр. изд.
|
| 210 |
|
|
|a Москва
|c Интерпринт
|d 1990
|
| 215 |
|
|
|a 112 с.
|d 20 см.
|
| 300 |
|
|
|a Репринтное воспроизведение издания [1920-1923] (Берлин)
|
| 606 |
|
|
|a Редкие книги
|2 stltpush
|3 (RuTPU)RU\TPU\subj\67540
|9 83297
|
| 610 |
1 |
|
|a русская литература
|
| 610 |
1 |
|
|a 20 век
|
| 610 |
1 |
|
|a поэзия
|
| 610 |
1 |
|
|a стихи
|
| 610 |
1 |
|
|a книгоиздательство С. Ефрон
|
| 686 |
|
|
|a Ч611.68
|v LBC/SL-A
|2 rubbk
|
| 700 |
|
1 |
|a Ахматова
|b А. А.
|c русская поэтесса
|c настоящая фамилия Горенко
|f 1889-1966
|g Анна Андреевна
|2 stltpush
|3 (RuTPU)RU\TPU\pers\1050
|9 469
|
| 801 |
|
1 |
|a RU
|b 63413507
|c 20090216
|g PSBO
|
| 801 |
|
2 |
|a RU
|b 63413507
|c 20180227
|g PSBO
|
| 942 |
|
|
|c BK
|